000 00302nam a22001337a 4500
008 170922b xxu||||| |||| 00| 0 eng d
020 _a9781555425005
041 _aeng
080 _a37
100 _a46
101 _aEDU
245 _aCLASSROOM ASSESSMENT TECHNIQUES
_cANGELO, TH.A
942 _2udc
_cBK
999 _c29143
_d29143